The redbreast / Jo Nesbø ; translated from the Norwegian by Don Bartlett.
A tale moving from the final months of World War II to the present, and from the Russian front to contemporary Norway, follows the dual adventures of a freedom-seeking war martyr and an alcoholic police officer who is drawn into a mystery with past origins.
Record details
- ISBN: 9780061134005
- ISBN: 0061134007
- Physical Description: 519 pages : map ; 24 cm
- Edition: 1st U.S. ed.
- Publisher: New York : Harper, ♭2006.
Content descriptions
| Language Note: | First published as: Rødstrupe, by H. Aschehoug & Co. (W. Nygaard), Oslo, 2003. |
| Awards Note: | Winner of the Glass Key prize for the best Nordic crime novel. |
Search for related items by subject
| Subject: | Hole, Harry (Fictitious character) > Fiction. Heroes > Fiction. |
| Genre: | Detective and mystery stories. |
Search for related items by series
| LDR | 01703cam a2200409 i 4500 | ||
|---|---|---|---|
| 001 | 152894 | ||
| 003 | CONS | ||
| 005 | 20200122113330.0 | ||
| 008 | 090728s2006 nyub e 000 1 eng d | ||
| 010 | . | ‡a 2009280281 | |
| 020 | . | ‡a9780061134005 ‡q(paperback) | |
| 020 | . | ‡a0061134007 ‡q(paperback) | |
| 035 | . | ‡a(CPomAG)LMN615036 | |
| 041 | 1 | . | ‡aeng ‡hnor |
| 042 | . | ‡alccopycat | |
| 050 | 0 | 0. | ‡aPT8951.24.E83 ‡bR6313 2006 |
| 082 | 0 | 4. | ‡a839.82/374 ‡222 |
| 100 | 1 | . | ‡aNesbø, Jo, ‡d1960- ‡eauthor. |
| 245 | 1 | 4. | ‡aThe redbreast / ‡cJo Nesbø ; translated from the Norwegian by Don Bartlett. |
| 250 | . | ‡a1st U.S. ed. | |
| 260 | . | ‡aNew York : ‡bHarper, ‡c♭2006. | |
| 300 | . | ‡a519 pages : ‡bmap ; ‡c24 cm | |
| 336 | . | ‡atext ‡btxt ‡2rdacontent | |
| 337 | . | ‡aunmediated ‡bn ‡2rdamedia | |
| 338 | . | ‡avolume ‡bnc ‡2rdacarrier | |
| 490 | 1 | . | ‡aHarry Hole series ; ‡v3 |
| 520 | . | ‡aA tale moving from the final months of World War II to the present, and from the Russian front to contemporary Norway, follows the dual adventures of a freedom-seeking war martyr and an alcoholic police officer who is drawn into a mystery with past origins. | |
| 546 | . | ‡aFirst published as: Rødstrupe, by H. Aschehoug & Co. (W. Nygaard), Oslo, 2003. | |
| 586 | . | ‡aWinner of the Glass Key prize for the best Nordic crime novel. | |
| 650 | 0. | ‡aHole, Harry (Fictitious character) ‡vFiction. | |
| 650 | 0. | ‡aHeroes ‡vFiction. | |
| 655 | 7. | ‡aDetective and mystery stories. ‡2lcgft | |
| 740 | 1 | 0. | ‡aRødstrupe. ‡lEnglish |
| 800 | 1 | . | ‡aNesbø, Jo, ‡d1960- ‡tHarry Hole series ; ‡v3. |
| 914 | . | ‡aSCP_LP ‡dLMN_cm | |
| 959 | . | ‡i322690001139792 ‡lF Nes ‡aAdult - Fiction ‡tPaperback ‡g14.00 | |
| 852 | . | ‡p322690001139792 ‡jF Nes ‡gAdult - Fiction ‡cPaperback ‡y14.00 ‡bSBPL | |
| 901 | . | ‡a152894 ‡bUnknown ‡c152894 ‡tbiblio | |